Try to guess everyone I've ever had on my fantasy team - Statistics

General Stats
  • This quiz has been taken 6 times
  • The average score is 14 of 25
Answer Stats
Hint Answer % Correct
Knicks PG Jalen Brunson
100%
Raptors SF Scottie Barnes
100%
Warriors PG Stephen Curry
100%
Nets SG Cam Thomas
67%
Bulls SG Coby White
67%
Spurs SF Devin Vassell
67%
Raptors PG Immanuel Quickley
67%
Clippers C Ivica Zubac
67%
Rockets SG Jalen Green
67%
Knicks SG Josh Hart
67%
Kings SF Malik Monk
67%
Nets SG/SF Mikal Bridges
67%
Timberwolves PG Mike Conley
67%
Pacers C Pascal Siakam
67%
Thunder SG Shai Gilgeous-Alexander
67%
Pistons SF Ausar Thompson
33%
Pacers SF Benedict Mathurin
33%
Hornets SG/SF Brandon Miller
33%
Nets SF/PF Cameron Johnson
33%
Caviliers SG Caris Levert
33%
Lakers SG D'Angelo Russell
33%
Pistons SG Jaden Ivey
33%
Pistons C Jalen Duren
33%
Thunder SG/SF/PF Jalen Williams
33%
Magic PF Paolo Banchero
33%
No matching quizzes found
Score Distribution
Percent of People with Each Score
Percentile by Number Answered
Your Score History
You have not taken this quiz